| 000 | 00824nam a2200217Ia 4500 | ||
|---|---|---|---|
| 001 | 3426 | ||
| 003 | GE_BSU | ||
| 008 | 181216s||||||||xx |||||||||||||| ||und|| | ||
| 040 | _cGE_BSU | ||
| 080 | _a621.7(035.3) | ||
| 100 | _aГотовцев,А.А. Демидов,С.П. Карп,А.В. и др. | ||
| 245 | _aСправочник металлиста в 5 томах.Том.1. | ||
| 245 | _cРед. совет: Богуславский,Б.Л. Малов,А.Н. Новиков,М.Н. и др. Под ред. С.А.Чернавского и В.Ф.Рещикова. | ||
| 250 | _aИзд. третье, перераб. | ||
| 260 | _aМ. | ||
| 260 | _bМашиностроение. | ||
| 260 | _c1976. | ||
| 300 | _a768 стр. с илл. 21 см. | ||
| 653 | _aСправочник металлиста. | ||
| 942 | _cBK | ||
| 999 |
_c37465 _d37465 |
||